Microsoft excel 2016 / (Record no. 764)

MARC details
000 -LEADER
fixed length control field 00613nam a22002057a 4500
005 - DATE AND TIME OF LATEST TRANSACTION
control field 20230131025759.0
008 - FIXED-LENGTH DATA ELEMENTS--GENERAL INFORMATION
fixed length control field 230131b |||||||| |||| 00| 0 eng d
020 ## - INTERNATIONAL STANDARD BOOK NUMBER
International Standard Book Number 978-971-37-0474-0
082 ## - DEWEY DECIMAL CLASSIFICATION NUMBER
Classification number Fil. 005.54 J49 2018
110 ## - MAIN ENTRY--CORPORATE NAME
Corporate name or jurisdiction name as entry element Jemma Development Group
Relator term author
245 ## - TITLE STATEMENT
Title Microsoft excel 2016 /
Statement of responsibility, etc. Jemma Development Group
260 ## - PUBLICATION, DISTRIBUTION, ETC.
Place of publication, distribution, etc. Rizal, PH:
Name of publisher, distributor, etc. Jemma,
Date of publication, distribution, etc. c2018
300 ## - PHYSICAL DESCRIPTION
Extent x, 169p.:
Other physical details ill.
490 ## - SERIES STATEMENT
Series statement visual guide
504 ## - BIBLIOGRAPHY, ETC. NOTE
Bibliography, etc. note Includes bibliographies
541 ## - IMMEDIATE SOURCE OF ACQUISITION NOTE
Accession number 6970
650 ## - SUBJECT ADDED ENTRY--TOPICAL TERM
Topical term or geographic name entry element Electronic spreadsheet
650 ## - SUBJECT ADDED ENTRY--TOPICAL TERM
Topical term or geographic name entry element Microsoft excel (Computer file)
650 ## - SUBJECT ADDED ENTRY--TOPICAL TERM
Topical term or geographic name entry element Business - Computer programs
Holdings
Withdrawn status Lost status Source of classification or shelving scheme Damaged status Not for loan Home library Current library Date acquired Total Checkouts Full call number Barcode Date last seen Copy number Price effective from Koha item type
    Dewey Decimal Classification     ctu-moalboal ctu-moalboal 04/26/2021   Fil. 005.54 J49 2018 6970 01/31/2023 1 01/31/2023 Books-Filipiniana